000 00935nam a2200217Ia 4500
003 GCL
008 140319s9999 xx 000 0 ara d
040 _aGCL /
_cGCL
082 0 4 _a341.8
_bا ن
100 1 _aعمر ابوبكر باخشب
245 1 0 _aالنظام القانونى للاتفاقيات البترولية فى دول مجلس التعاون الخليجى: دراسة مقارنة مع الاهتمام بالاتفاقيات ونظم البترول بالمملكة العربية السعودية /
_cعمر ابوبكر باخشب
700 1 _aاحمد عبدالحميد عشوش
260 _a[S.N] :
_bمؤسسة شباب الجامعة ،
_c1990
300 _a512 ص
490 _a
650 0 4 _aالقانون
650 0 4 _aالقانون الدولى
650 0 4 _aالقانون الدولى الخاص
650 0 4 _aالسعودية - القانون الدولى الخاص
942 _2ddc
_cBK
999 _c41913
_d41913